Public Sector Superannuation Scheme and Commonwealth Superannuation Scheme (PSS and CSS) : a report on long-term costs carried out by the Australian Government Actuary using data to 30 June 1993 /

Saved in:
Bibliographic Details
Corporate Authors: Office of the Australian Government Actuary, Australia. Insurance and Superannuation Commission, Australian Government Retirement Benefits Office
Format: Book
Language:English
Published: Canberra : The Commission, 1994.
Subjects:
LEADER 01550cam a2200349 a 4500
001 c000274997
003 CARM
005 20071029142208.0
008 940818s1994 acaa s f000 0 eng d
019 1 |a 23992486  |z 10997889  |5 LACONCORD2021 
020 |a 064434833X 
024 8 |a 9421414 
035 |a (OCoLC)221478076  |5 LACONCORD2021 
040 |a ANL  |b eng  |c ANL  |d VMOU 
042 |a anuc 
043 |a u-at--- 
082 0 4 |a 331.2529135494  |2 20 
245 0 0 |a Public Sector Superannuation Scheme and Commonwealth Superannuation Scheme (PSS and CSS) :  |b a report on long-term costs carried out by the Australian Government Actuary using data to 30 June 1993 /  |c Insurance and Superannuation Commission. 
260 |a Canberra :  |b The Commission,  |c 1994. 
300 |a 36 p. :  |b ill. ;  |c 25 cm. 
540 |a Commonwealth of Australia 1994. 
610 2 0 |a Public Sector Superannuation Scheme (Australia) 
610 2 0 |a Commonwealth Superannuation Scheme (Australia) 
610 1 0 |a Australia  |x Officials and employees  |x Pensions. 
650 0 |a Pension trusts  |z Australia. 
650 0 0 |a Public servants  |z Australia  |x Superannuation. 
710 2 |a Office of the Australian Government Actuary 
710 1 |a Australia.  |b Insurance and Superannuation Commission 
710 2 |a Australian Government Retirement Benefits Office 
852 8 |b CARM  |h A1:AM11E0  |i C10046  |p 0397589  |f BK 
999 f f |i 57d7abbf-78d6-534b-bdb8-33025f175582  |s acd83f20-03b0-5144-b2e6-7356cdf53ac7 
952 f f |p Can circulate  |a CAVAL  |b CAVAL  |c CAVAL  |d CARM 1 Store  |e C10046  |f A1:AM11E0  |h Other scheme  |i book  |m 0397589